[Event "4th GRENKE Open 2019"]
[Site "Karlsruhe"]
[Date "2019.04.22"]
[Round "9.46"]
[White "Pajeken, Jakob Leon"]
[Black "Swayams, Mishra"]
[Result "0-1"]
[WhiteElo "2342"]
[BlackElo "2478"]
[Annotator "RC"]
[PlyCount "88"]
[EventDate "2019.04.18"]
[EventType "swiss"]
[EventCountry "GER"]
[SourceTitle "playchess.com"]
[Source "ChessBase"]
[SourceQuality "1"]

1. d4 Nf6 2. Nf3 e6 3. e3 b6 4. c4 Bb7 5. Nc3 Bb4 6. Bd3 Ne4 7. Qc2 f5 8. O-O Bxc3 9. bxc3 O-O 10. Nd2 Qh4 11. f3 Nxd2 12. Bxd2 d6 13. Rae1 Nd7 14. g3 Qe7 15. e4 fxe4 16. Bxe4 Bxe4 17. Qxe4 Rfe8 18. Rf2 Nf8 19. Rfe2 Qd7 20. Qg4 Qf7 21. Kg2 a5 22. c5 bxc5 23. dxc5 e5 24. Bc1 dxc5 25. Ba3 Nd7 26. Qe4 Ra6 27. Qb7 Rf6 28. Qxc7 Qd5 29. Re3 Qxa2+ 30. R1e2 Qd5 31. c4 Qe6 32. Rd2 Nb6 33. Re4 Qf5 34. Rf2 Rc8 35. Qxe5 Qxe5 36. Rxe5 Nxc4 37. Rxc5 Rxc5 38. Bxc5 Rc6 39. Bd4 Rd6 40. Ba7 a4 41. Kf1 a3 42. Rc2 Nb2 43. Bc5 Rd1+ 44. Ke2 a2 0-1

[Event "4th GRENKE Open 2019"]
[Site "Karlsruhe"]
[Date "2019.04.22"]
[Round "9.47"]
[White "Milov, Leonid"]
[Black "De Boer, Eelke"]
[Result "1-0"]
[WhiteElo "2474"]
[BlackElo "2338"]
[Annotator "TA"]
[PlyCount "97"]
[EventDate "2019.04.18"]
[EventType "swiss"]
[EventCountry "GER"]
[SourceTitle "playchess.com"]
[Source "ChessBase"]
[SourceQuality "1"]

1. e4 c5 2. Nf3 d6 3. d4 cxd4 4. Nxd4 Nf6 5. Nc3 a6 6. Be3 e5 7. Nb3 Be6 8. h3 Be7 9. f4 Nc6 10. f5 Bxb3 11. axb3 Nb4 12. g3 d5 13. exd5 Nbxd5 14. Nxd5 Nxd5 15. Bf2 Bb4+ 16. c3 Nxc3 17. bxc3 Bxc3+ 18. Ke2 Bxa1 19. Qxa1 Qd5 20. Ke3 Rd8 21. Bc4 Qd2+ 22. Kf3 e4+ 23. Kg2 O-O 24. Re1 b5 25. Bf1 Rfe8 26. Re3 Qc2 27. Rc3 Qd2 28. Re3 Rd5 29. g4 a5 30. Qe1 Qxe1 31. Bxe1 a4 32. Bb4 axb3 33. Rxb3 g6 34. f6 h5 35. Be7 hxg4 36. hxg4 Rb8 37. Kf2 g5 38. Ke3 Rd1 39. Be2 Re1 40. Bb4 Rh1 41. Kxe4 Rh2 42. Bf3 Kh7 43. Kf5 Rg8 44. Be4 Kh6 45. Bc5 b4 46. Bg1 Rh4 47. Rxb4 Re8 48. Be3 Rg8 49. Bg2 1-0

[Event "4th GRENKE Open 2019"]
[Site "Karlsruhe"]
[Date "2019.04.22"]
[Round "9.48"]
[White "Henderson de La Fuente, Lance"]
[Black "Kulkarni, Rakesh"]
[Result "1-0"]
[WhiteElo "2471"]
[BlackElo "2334"]
[Annotator "ChessBase"]
[PlyCount "85"]
[EventDate "2019.04.18"]
[EventType "swiss"]
[EventCountry "GER"]
[SourceTitle "playchess.com"]
[Source "ChessBase"]
[SourceQuality "1"]

1. e4 c5 2. Nf3 e6 3. d4 cxd4 4. Nxd4 a6 5. c4 Nf6 6. Nc3 Qc7 7. a3 d6 8. Be2 b6 9. Be3 Bb7 10. f3 Nbd7 11. O-O Be7 12. Qd2 O-O 13. Rac1 Rac8 14. Rfd1 Qb8 15. b4 Rfd8 16. Bf1 Rc7 17. Na4 Rdc8 18. Qf2 Ba8 19. Nb3 b5 20. Nb6 bxc4 21. Nxc8 Qxc8 22. Na5 d5 23. exd5 Nxd5 24. Rxc4 Rxc4 25. Nxc4 Bc6 26. Bd4 Bb5 27. Ne3 Bxf1 28. Nxd5 exd5 29. Qxf1 h6 30. Qd3 Qc6 31. Qc3 Qa4 32. Re1 Bf6 33. Bxf6 Nxf6 34. Qc8+ Kh7 35. Qf5+ Kg8 36. Rc1 d4 37. Rc8+ Ne8 38. Qc2 Qxc2 39. Rxc2 Nd6 40. Rc6 Nb5 41. Rxa6 d3 42. Kf2 Nc3 43. Ke3 1-0

[Event "4th GRENKE Open 2019"]
[Site "Karlsruhe"]
[Date "2019.04.22"]
[Round "9.49"]
[White "Vrolijk, Liam"]
[Black "Goluch, Piotr"]
[Result "1-0"]
[WhiteElo "2465"]
[BlackElo "2337"]
[Annotator "ChessBase"]
[PlyCount "74"]
[EventDate "2019.04.18"]
[EventType "swiss"]
[EventCountry "GER"]
[SourceTitle "playchess.com"]
[Source "ChessBase"]
[SourceQuality "1"]

1. Nf3 Nf6 2. g3 g6 3. b3 Bg7 4. Bb2 O-O 5. Bg2 c5 6. c4 Nc6 7. O-O d6 8. d4 cxd4 9. Nxd4 Bd7 10. e3 Qa5 11. Nc3 Rfc8 12. Qd2 Rab8 13. Rfd1 Nxd4 14. exd4 a6 15. Qe2 e6 16. a3 Qc7 17. Rac1 b5 18. c5 b4 19. axb4 Rxb4 20. cxd6 Qb8 21. Ba3 Rxb3 22. Bc5 a5 23. Qa6 Bf8 24. Rc2 Rd8 25. Qxa5 Be8 26. d5 e5 27. d7 Bxd7 28. Bxf8 Rxf8 29. d6 Bf5 30. Rcc1 Qb6 31. Qxb6 Rxb6 32. Na4 Rb4 33. Nc5 Rd8 34. Rd2 Ne4 35. Nxe4 Bxe4 36. Bxe4 Rxe4 37. Rc5 Kg7 1-0

[Event "4th GRENKE Open 2019"]
[Site "Karlsruhe"]
[Date "2019.04.22"]
[Round "9.50"]
[White "Petkidis, Anthony"]
[Black "Lodici, Lorenzo"]
[Result "1/2-1/2"]
[WhiteElo "2338"]
[BlackElo "2463"]
[Annotator "TA"]
[PlyCount "78"]
[EventDate "2019.04.18"]
[EventType "swiss"]
[EventCountry "GER"]
[SourceTitle "playchess.com"]
[Source "ChessBase"]
[SourceQuality "1"]

1. e4 e5 2. Nf3 Nc6 3. Bc4 Bc5 4. c3 Nf6 5. d3 d6 6. Bb3 h6 7. h3 a6 8. Nbd2 b5 9. Nf1 Be6 10. Bxe6 fxe6 11. Ng3 O-O 12. O-O Ne7 13. d4 exd4 14. cxd4 Bb6 15. Qc2 c5 16. e5 Nfd5 17. exd6 Qxd6 18. Ne4 Qc7 19. dxc5 Rac8 20. Qe2 Bxc5 21. Nxc5 Qxc5 22. Qxe6+ Kh8 23. Qxa6 Rxf3 24. gxf3 Rf8 25. Qe6 Nf5 26. Be3 Nfxe3 27. fxe3 Nxe3 28. Rf2 Nc2 29. Raf1 Nd4 30. Qe4 Rf4 31. Qe8+ Kh7 32. Rg2 Nxf3+ 33. Kh1 Qf5 34. Rg3 Ne5 35. Rxf4 Qxf4 36. Rg2 Qf1+ 37. Kh2 Qf4+ 38. Kh1 Qf1+ 39. Kh2 Qf4+ 1/2-1/2

[Event "4th GRENKE Open 2019"]
[Site "Karlsruhe"]
[Date "2019.04.22"]
[Round "9.51"]
[White "Burcu, Cagatay"]
[Black "Fedorovsky, Michael"]
[Result "1/2-1/2"]
[WhiteElo "2329"]
[BlackElo "2442"]
[Annotator "NA"]
[PlyCount "24"]
[EventDate "2019.04.18"]
[EventType "swiss"]
[EventCountry "GER"]
[SourceTitle "playchess.com"]
[Source "ChessBase"]
[SourceQuality "1"]

1. d4 Nf6 2. Bf4 d5 3. Nf3 c5 4. e3 Nc6 5. Nbd2 Qb6 6. dxc5 Qxb2 7. Rb1 Qc3 8. Bb5 e6 9. O-O Qxc5 10. c4 a6 11. Nb3 Qa3 12. Nbd4 Bd7 1/2-1/2

[Event "4th GRENKE Open 2019"]
[Site "Karlsruhe"]
[Date "2019.04.22"]
[Round "9.52"]
[White "Obolentseva, Alexandra"]
[Black "Froewis, Georg"]
[Result "1/2-1/2"]
[WhiteElo "2326"]
[BlackElo "2438"]
[Annotator "NA RC"]
[PlyCount "106"]
[EventDate "2019.04.18"]
[EventType "swiss"]
[EventCountry "GER"]
[SourceTitle "playchess.com"]
[Source "ChessBase"]
[SourceQuality "1"]

1. d4 e6 2. c4 c5 3. d5 exd5 4. cxd5 d6 5. Nc3 g6 6. e4 Bg7 7. Nge2 a6 8. a4 Nd7 9. Ng3 Qh4 10. Be2 Ne5 11. Be3 Ne7 12. Qd2 h6 13. f3 f5 14. f4 Nf7 15. Bf2 Qf6 16. O-O h5 17. e5 dxe5 18. fxe5 Qxe5 19. Bxc5 O-O 20. Rae1 Qc7 21. b4 Rd8 22. Bf3 Nc6 23. d6 Nxd6 24. Nd5 Qf7 25. Qf4 Be6 26. Nb6 Nc4 27. Nxa8 Rxa8 28. b5 N6e5 29. Rd1 axb5 30. axb5 Nb2 31. Bd4 Nxf3+ 32. Qxf3 Nxd1 33. Bxg7 Qxg7 34. Qxd1 Qd7 35. Qc1 Qd4+ 36. Kh1 Bf7 37. Rd1 Qc4 38. Qg5 Qg4 39. Rd8+ Rxd8 40. Qxd8+ Kg7 41. Qd6 Qc4 42. Qe5+ Kh7 43. h3 Qd5 44. Qe7 Kg8 45. b6 Qc6 46. Qg5 Kf8 47. Qh6+ Ke8 48. Nxh5 Qxb6 49. Qh8+ Kd7 50. Qg7 Ke7 51. Qe5+ Qe6 52. Qc7+ Qd7 53. Qe5+ Qe6 1/2-1/2

[Event "4th GRENKE Open 2019"]
[Site "Karlsruhe"]
[Date "2019.04.22"]
[Round "9.53"]
[White "Daggupati, Balaji"]
[Black "Carow, Johannes"]
[Result "0-1"]
[WhiteElo "2326"]
[BlackElo "2434"]
[Annotator "NA"]
[PlyCount "112"]
[EventDate "2019.04.18"]
[EventType "swiss"]
[EventCountry "GER"]
[SourceTitle "playchess.com"]
[Source "ChessBase"]
[SourceQuality "1"]

1. e4 c6 2. d4 d5 3. e5 c5 4. dxc5 e6 5. a3 Bxc5 6. b4 Bb6 7. Nf3 Ne7 8. Bb2 O-O 9. Bd3 Ng6 10. O-O a5 11. g3 axb4 12. axb4 Rxa1 13. Bxa1 Na6 14. Qd2 Qe7 15. b5 Nc5 16. Bd4 Nxd3 17. Qxd3 Bxd4 18. Qxd4 Bd7 19. Qb6 Qb4 20. Nd4 Nxe5 21. c3 Nc4 22. Qxb7 Qd6 23. Nc6 Bxc6 24. bxc6 Na5 25. Qb4 Qxb4 26. cxb4 Nxc6 27. b5 Ne5 28. Nc3 Rb8 29. Rb1 Kf8 30. f4 Nc4 31. Kf2 Ke7 32. Ke2 Ra8 33. Kd3 Nb6 34. Kd4 Kd6 35. Rc1 Nd7 36. Rb1 f6 37. b6 e5+ 38. fxe5+ fxe5+ 39. Kd3 Nc5+ 40. Ke2 d4 41. b7 Rb8 42. Nb5+ Kc6 43. Na7+ Kd5 44. Nc8 Rxb7 45. Rxb7 Nxb7 46. Nb6+ Ke6 47. Kd3 Nc5+ 48. Kd2 e4 49. Nc4 Nd7 50. Ke2 Ne5 51. Nb6 Ng4 52. h3 Nh6 53. Na4 Nf5 54. g4 Nd6 55. Nc5+ Kd5 56. Nd7 d3+ 0-1

[Event "4th GRENKE Open 2019"]
[Site "Karlsruhe"]
[Date "2019.04.22"]
[Round "9.54"]
[White "Koellner, Ruben Gideon"]
[Black "Kurmann, Oliver"]
[Result "1/2-1/2"]
[WhiteElo "2318"]
[BlackElo "2433"]
[Annotator "NA RC"]
[PlyCount "94"]
[EventDate "2019.04.18"]
[EventType "swiss"]
[EventCountry "GER"]
[SourceTitle "playchess.com"]
[Source "ChessBase"]
[SourceQuality "1"]

1. d4 Nf6 2. Nf3 e6 3. Bf4 c5 4. e3 cxd4 5. exd4 Be7 6. Nbd2 O-O 7. c3 b6 8. Nc4 d6 9. Bd3 Bb7 10. h3 Qc7 11. O-O Nbd7 12. Bh2 a6 13. Re1 b5 14. Ne3 Nb6 15. Qe2 Rfe8 16. Nd2 Bf8 17. Ng4 Nfd5 18. Bc2 Rad8 19. Qd3 g6 20. Ne4 Bg7 21. Nc5 Ba8 22. Nxa6 Qb7 23. Qxb5 Nc7 24. Be4 Nxb5 25. Bxb7 Bxb7 26. Nb4 Na4 27. Re2 f5 28. Ne3 Naxc3 29. bxc3 Nxc3 30. Rd2 Bxd4 31. Nec2 Bc5 32. Nd3 Ba7 33. Bf4 Ne4 34. Rdd1 Rc8 35. Ncb4 e5 36. Be3 Bxe3 37. fxe3 Nc3 38. Rd2 Ra8 39. Nb2 d5 40. a4 Ra5 41. Kh2 Kf7 42. Rc2 Rc8 43. Ra3 d4 44. exd4 exd4 45. Ra1 Rca8 46. Rd2 Nxa4 47. Nc4 R5a7 1/2-1/2

[Event "4th GRENKE Open 2019"]
[Site "Karlsruhe"]
[Date "2019.04.22"]
[Round "9.55"]
[White "Kueppers, Timo"]
[Black "Raja Harshit"]
[Result "1/2-1/2"]
[WhiteElo "2302"]
[BlackElo "2432"]
[Annotator "NA"]
[PlyCount "83"]
[EventDate "2019.04.18"]
[EventType "swiss"]
[EventCountry "GER"]
[SourceTitle "playchess.com"]
[Source "ChessBase"]
[SourceQuality "1"]

1. e4 c5 2. c4 Nc6 3. Nc3 g6 4. g3 Bg7 5. Bg2 d6 6. Nge2 Nf6 7. d3 O-O 8. O-O a6 9. h3 Rb8 10. a4 Ne8 11. Be3 Nc7 12. d4 cxd4 13. Nxd4 Ne6 14. Nde2 Ne5 15. b3 Nc5 16. Kh2 Be6 17. Rb1 a5 18. Nd4 Nc6 19. f4 Bd7 20. Qd2 Rc8 21. Nd5 Be6 22. Nc3 Bd7 23. Nd5 Nxd4 24. Bxd4 Bc6 25. Bxg7 Kxg7 26. Qc3+ f6 27. e5 Bxd5 28. exf6+ exf6 29. Bxd5 Re8 30. Rfe1 Qb6 31. Qd4 Qb4 32. Re3 Nd7 33. Be6 Qb6 34. Qxb6 Nxb6 35. Bxc8 Rxe3 36. Bxb7 Nd7 37. b4 axb4 38. Rxb4 Ra3 39. Bc6 Nc5 40. Rb6 Ra2+ 41. Kg1 Nxa4 42. Bxa4 1/2-1/2

[Event "4th GRENKE Open 2019"]
[Site "Karlsruhe"]
[Date "2019.04.22"]
[Round "9.56"]
[White "Ginsburg, Gennadi"]
[Black "Kenneskog, Theodor"]
[Result "1/2-1/2"]
[WhiteElo "2430"]
[BlackElo "2306"]
[Annotator "RC"]
[PlyCount "174"]
[EventDate "2019.04.18"]
[EventType "swiss"]
[EventCountry "GER"]
[SourceTitle "playchess.com"]
[Source "ChessBase"]
[SourceQuality "1"]

1. d4 Nf6 2. Nf3 g6 3. c4 Bg7 4. e3 O-O 5. Be2 c5 6. Nc3 cxd4 7. Nxd4 Nc6 8. O-O d6 9. b3 Nxd4 10. exd4 d5 11. Bf4 Be6 12. Nb5 Ne8 13. c5 Bd7 14. a4 b6 15. b4 a5 16. Rc1 Bxb5 17. axb5 axb4 18. Rb1 e5 19. Bd2 exd4 20. Bxb4 bxc5 21. Bxc5 Nd6 22. Bxd4 Bxd4 23. Qxd4 Nf5 24. Qd2 Rb8 25. Rfd1 Re8 26. Bf3 d4 27. Bc6 Re6 28. Qd3 Qe7 29. g3 h5 30. Bg2 Rbb6 31. Rdc1 Kh7 32. h4 Rb8 33. Bf3 Qf6 34. Rc6 Rxc6 35. Bxc6 Ne7 36. Bf3 Kg7 37. Re1 Nf5 38. Bg2 Nd6 39. Rb1 Nf5 40. Bh3 Kh7 41. Qf3 Kg7 42. Bf1 Qd6 43. Bd3 Ne7 44. Ra1 Nc8 45. Ra6 Nb6 46. Qc6 Qxc6 47. bxc6 Nd5 48. Ra7 Rc8 49. Bc4 Nc7 50. Kf1 Kf6 51. Ke2 Ne6 52. Bb5 Nc7 53. Ba4 Ne6 54. Bb5 Nc7 55. Bc4 Ne6 56. Bd5 Nc7 57. Bf3 Ke5 58. Kd3 Kd6 59. Ra5 Ne6 60. Kc4 Rb8 61. Bd5 Rb2 62. Bxe6 fxe6 63. f4 d3 64. Kxd3 Rb3+ 65. Ke4 Rxg3 66. Rg5 Rh3 67. Rxg6 Rxh4 68. Rg7 Kxc6 69. Ke5 Rh1 70. Kxe6 Re1+ 71. Kf6 h4 72. Rh7 Rh1 73. Kg5 h3 74. Kg4 Rg1+ 75. Kf3 Rf1+ 76. Kg3 Rg1+ 77. Kf2 Rh1 78. Re7 Kd6 79. Re3 Kd5 80. Kg3 Rf1 81. Re2 Kd4 82. Kg4 Kd3 83. Ra2 Ke4 84. Ra4+ Ke3 85. Ra3+ Ke4 86. Ra4+ Ke3 87. Ra3+ Ke4 1/2-1/2

[Event "4th GRENKE Open 2019"]
[Site "Karlsruhe"]
[Date "2019.04.22"]
[Round "9.57"]
[White "Seresin, Francesco"]
[Black "Schitco, Ivan"]
[Result "1/2-1/2"]
[WhiteElo "2300"]
[BlackElo "2424"]
[Annotator "NA"]
[PlyCount "39"]
[EventDate "2019.04.18"]
[EventType "swiss"]
[EventCountry "GER"]
[SourceTitle "playchess.com"]
[Source "ChessBase"]
[SourceQuality "1"]

1. d4 Nf6 2. c4 e6 3. Nc3 Bb4 4. Qc2 O-O 5. a3 Bxc3+ 6. Qxc3 d5 7. Bg5 dxc4 8. Qxc4 b6 9. Rd1 Ba6 10. Qa4 h6 11. Bh4 Qe7 12. Nf3 Rd8 13. Qc2 c5 14. Bxf6 Qxf6 15. dxc5 Rxd1+ 16. Kxd1 Nd7 17. e3 Bxf1 18. Rxf1 Nxc5 19. Ke2 Rd8 20. Rd1 1/2-1/2

[Event "4th GRENKE Open 2019"]
[Site "Karlsruhe"]
[Date "2019.04.22"]
[Round "9.58"]
[White "Gokerkan, Cem Kaan"]
[Black "Fischer, Sebastian"]
[Result "1-0"]
[WhiteElo "2413"]
[BlackElo "2286"]
[Annotator "TA"]
[PlyCount "103"]
[EventDate "2019.04.18"]
[EventType "swiss"]
[EventCountry "GER"]
[SourceTitle "playchess.com"]
[Source "ChessBase"]
[SourceQuality "1"]

1. e4 d5 2. exd5 Qxd5 3. Nc3 Qa5 4. d4 Nf6 5. Nf3 Bf5 6. Ne5 c6 7. Bc4 e6 8. g4 Bg6 9. h4 Nbd7 10. Nxd7 Nxd7 11. h5 Be4 12. O-O Bd5 13. Nxd5 cxd5 14. Bd3 Bd6 15. a4 Qd8 16. f4 g6 17. Bd2 Qe7 18. a5 a6 19. Qf3 Nf6 20. hxg6 hxg6 21. g5 Nh5 22. b3 O-O-O 23. c4 Ng7 24. c5 Bb8 25. b4 Nf5 26. Bxf5 exf5 27. b5 Qe4 28. bxa6 bxa6 29. Qxe4 dxe4 30. Kg2 Rh4 31. Be3 Rg4+ 32. Kf2 Bxf4 33. Bxf4 Rxf4+ 34. Ke3 Rg4 35. Rg1 Rxg1 36. Rxg1 Rh8 37. d5 Rh3+ 38. Kd4 Rd3+ 39. Kc4 Rh3 40. Rb1 e3 41. d6 e2 42. c6 Re3 43. d7+ Kc7 44. Rb7+ Kxc6 45. d8=Q Re4+ 46. Kd3 Kxb7 47. Qb6+ Kc8 48. Qxa6+ Kc7 49. Qb6+ Kd7 50. Qb7+ Kd6 51. Qxe4 fxe4+ 52. Kxe2 1-0

[Event "4th GRENKE Open 2019"]
[Site "Karlsruhe"]
[Date "2019.04.22"]
[Round "9.60"]
[White "Moucheroud, Jeremy"]
[Black "Benkovic, Petar"]
[Result "0-1"]
[WhiteElo "2294"]
[BlackElo "2405"]
[Annotator "TA"]
[PlyCount "106"]
[EventDate "2019.04.18"]
[EventType "swiss"]
[EventCountry "GER"]
[SourceTitle "playchess.com"]
[Source "ChessBase"]
[SourceQuality "1"]

1. e4 c5 2. Nf3 e6 3. d4 cxd4 4. Nxd4 Nf6 5. Nc3 d6 6. Be3 Nc6 7. Be2 Be7 8. O-O O-O 9. f4 Bd7 10. Kh1 Nxd4 11. Bxd4 Bc6 12. Bd3 g6 13. Qe1 Nh5 14. Ne2 Bh4 15. Qb4 Be7 16. Qe1 Bh4 17. Qb4 a5 18. Qb6 Qd7 19. Bc3 Bd8 20. Qe3 b5 21. a3 Qb7 22. b4 Bb6 23. Bd4 Bxd4 24. Nxd4 e5 25. fxe5 dxe5 26. Nxc6 Qxc6 27. Qc5 Qxc5 28. bxc5 Rab8 29. Rab1 Rfc8 30. Bxb5 Rxc5 31. Bd3 Rxb1 32. Rxb1 Nf4 33. g3 Nxd3 34. cxd3 Rc3 35. Rb5 a4 36. Rxe5 Rxd3 37. Ra5 Rxa3 38. e5 Ra2 39. h4 Kf8 40. Ra7 h5 41. Kg1 a3 42. Kf1 Ke8 43. Kg1 Kd8 44. Kf1 Kc8 45. Kg1 Kb8 46. Ra4 Kb7 47. Kh1 Kb6 48. Kg1 Kc5 49. Kh1 Kb5 50. Ra7 Kb4 51. Rb7+ Kc3 52. Ra7 Kd4 53. Ra5 Ke4 0-1

[Event "4th GRENKE Open 2019"]
[Site "Karlsruhe"]
[Date "2019.04.22"]
[Round "9.61"]
[White "Riess, Alexander"]
[Black "Sawlin, Leonid"]
[Result "1/2-1/2"]
[WhiteElo "2282"]
[BlackElo "2402"]
[Annotator "NA"]
[PlyCount "96"]
[EventDate "2019.04.18"]
[EventType "swiss"]
[EventCountry "GER"]
[SourceTitle "playchess.com"]
[Source "ChessBase"]
[SourceQuality "1"]

1. d4 e6 2. c4 d5 3. Nc3 c6 4. e3 f5 5. f4 Nf6 6. Nf3 Bd6 7. Be2 Nbd7 8. O-O Qe7 9. Rb1 b6 10. Ne5 Bb7 11. Qa4 Nb8 12. Bd2 O-O 13. Be1 Ne4 14. Nxe4 fxe4 15. Bc3 c5 16. b4 cxb4 17. Bxb4 Bxb4 18. Qxb4 Qxb4 19. Rxb4 Nc6 20. Nxc6 Bxc6 21. Rc1 Rfc8 22. Rbb1 Kf7 23. c5 Bd7 24. Kf2 Ke7 25. cxb6 Rxc1 26. Rxc1 axb6 27. Rb1 b5 28. Rb2 Ra5 29. Bd1 Kd6 30. Bb3 b4 31. Bd1 Bb5 32. Bg4 Ra4 33. Bd1 Ra3 34. Bg4 Be8 35. Be2 Ba4 36. Rxb4 Rxa2 37. Rb6+ Kc7 38. Rb1 Bc2 39. Re1 Bd3 40. Kf1 Rxe2 41. Rxe2 Kc6 42. Ke1 Bxe2 43. Kxe2 Kb5 44. Kd2 Kb4 45. Kc2 Kc4 46. g4 Kb4 47. Kb2 Kc4 48. Kc2 Kb4 1/2-1/2

[Event "4th GRENKE Open 2019"]
[Site "Karlsruhe"]
[Date "2019.04.22"]
[Round "9.62"]
[White "Spyropoulos, Nikolaos"]
[Black "Bethke, Richard"]
[Result "1-0"]
[WhiteElo "2400"]
[BlackElo "2244"]
[Annotator "NA"]
[PlyCount "47"]
[EventDate "2019.04.18"]
[EventType "swiss"]
[EventCountry "GER"]
[SourceTitle "playchess.com"]
[Source "ChessBase"]
[SourceQuality "1"]

1. e4 c5 2. Nf3 d6 3. d4 cxd4 4. Nxd4 Nf6 5. Nc3 a6 6. Be2 e5 7. Nf3 h6 8. Nd2 Be6 9. Nc4 b5 10. Ne3 Nbd7 11. a4 b4 12. Ncd5 Bxd5 13. exd5 a5 14. Bb5 Be7 15. O-O O-O 16. Nf5 Rc8 17. Qf3 Kh7 18. Qh3 Rh8 19. Bxh6 Kg8 20. Qg3 Nh5 21. Qg4 g6 22. Nxe7+ Qxe7 23. Bg5 f6 24. Bxd7 1-0

[Event "4th GRENKE Open 2019"]
[Site "Karlsruhe"]
[Date "2019.04.22"]
[Round "9.63"]
[White "Menezes, Christoph"]
[Black "Sahin, Ozgun"]
[Result "1-0"]
[WhiteElo "2399"]
[BlackElo "2220"]
[Annotator "NA"]
[PlyCount "89"]
[EventDate "2019.04.18"]
[EventType "swiss"]
[EventCountry "GER"]
[SourceTitle "playchess.com"]
[Source "ChessBase"]
[SourceQuality "1"]

1. c4 e5 2. g3 Nc6 3. Bg2 g6 4. Nc3 Bg7 5. d3 d6 6. e3 f5 7. Nge2 Nf6 8. O-O O-O 9. a3 Be6 10. Nd5 Rb8 11. Bd2 Ne7 12. e4 c6 13. Nxf6+ Bxf6 14. Rc1 Qd7 15. b4 d5 16. Bh6 Rfd8 17. exd5 cxd5 18. c5 g5 19. d4 e4 20. Qd2 f4 21. gxf4 Bh3 22. fxg5 Qg4 23. Ng3 Bxg2 24. gxf6 Nf5 25. Qg5+ Qxg5 26. Bxg5 Bxf1 27. Nxf5 Kf7 28. Kxf1 Kg6 29. Bf4 Kxf5 30. Bxb8 Rxb8 31. c6 bxc6 32. Rxc6 Rb7 33. Rd6 Rc7 34. f7 Rxf7 35. Rxd5+ Kf4 36. Ke2 Rc7 37. Rc5 Rd7 38. d5 Ke5 39. h4 Kd4 40. h5 Ke5 41. Ke3 Rf7 42. d6+ Kxd6 43. Kxe4 Rxf2 44. Ra5 Rf7 45. Ra6+ 1-0

[Event "4th GRENKE Open 2019"]
[Site "Karlsruhe"]
[Date "2019.04.22"]
[Round "9.64"]
[White "Baskin, Robert"]
[Black "Nguyen, Alex Dac-Vuong"]
[Result "1-0"]
[WhiteElo "2394"]
[BlackElo "2112"]
[Annotator "NA"]
[PlyCount "51"]
[EventDate "2019.04.18"]
[EventType "swiss"]
[EventCountry "GER"]
[SourceTitle "playchess.com"]
[Source "ChessBase"]
[SourceQuality "1"]

1. e4 e6 2. d4 d5 3. e5 c5 4. c3 Nc6 5. Nf3 Qb6 6. a3 f6 7. Bd3 fxe5 8. dxe5 c4 9. Bc2 Nh6 10. O-O Nf7 11. Nbd2 g6 12. b3 cxb3 13. Bxb3 Bg7 14. c4 Nfxe5 15. cxd5 exd5 16. Bxd5 Bd7 17. Rb1 Qc7 18. Nxe5 Bxe5 19. Nf3 Bg4 20. Qb3 Bxf3 21. Bxf3 O-O-O 22. Qe6+ Rd7 23. Bg4 Nd8 24. Qd5 Bxh2+ 25. Kh1 Bd6 26. Rd1 1-0

[Event "4th GRENKE Open 2019"]
[Site "Karlsruhe"]
[Date "2019.04.22"]
[Round "9.65"]
[White "Chittka, Julius"]
[Black "Van Kerkhof, David"]
[Result "1/2-1/2"]
[WhiteElo "2268"]
[BlackElo "2389"]
[Annotator "TA"]
[PlyCount "108"]
[EventDate "2019.04.18"]
[EventType "swiss"]
[EventCountry "GER"]
[SourceTitle "playchess.com"]
[Source "ChessBase"]
[SourceQuality "1"]

1. d4 Nf6 2. c4 c5 3. d5 b5 4. cxb5 a6 5. Nc3 axb5 6. e4 b4 7. Nb5 d6 8. a4 g6 9. Bd3 Bg7 10. Nf3 O-O 11. O-O Nbd7 12. Ra2 Nb6 13. b3 Ng4 14. Bb2 Bxb2 15. Rxb2 e5 16. dxe6 Bxe6 17. Be2 d5 18. Rd2 Qe7 19. exd5 Bxd5 20. Re1 Rfd8 21. Qb1 Qb7 22. Red1 Nf6 23. Bc4 Rd7 24. Bxd5 Nbxd5 25. Qc2 Rad8 26. Qc4 Qb8 27. Rd3 Qb6 28. h3 Qe6 29. Qxc5 Ne4 30. Qc4 Nec3 31. Re1 Qf6 32. Qd4 Qa6 33. Ne5 Re7 34. Nxc3 bxc3 35. Rxc3 Qf6 36. Rf3 Qd6 37. Nd3 Rxe1+ 38. Nxe1 Qe6 39. Re3 Qc8 40. Rd3 Qe6 41. Nf3 Rd7 42. Qe5 Qc6 43. b4 f6 44. Qe4 Kg7 45. b5 Qc1+ 46. Kh2 Qc7+ 47. g3 Qc2 48. Nd2 Qc5 49. Qf3 Nb6 50. Rxd7+ Nxd7 51. Qe3 Qb4 52. Nf3 Kf7 53. Qd4 Qxd4 54. Nxd4 Ke7 1/2-1/2

[Event "4th GRENKE Open 2019"]
[Site "Karlsruhe"]
[Date "2019.04.22"]
[Round "9.66"]
[White "Koehler, Christian Friedrich"]
[Black "Ashwath, R.."]
[Result "1/2-1/2"]
[WhiteElo "2245"]
[BlackElo "2388"]
[Annotator "TA"]
[PlyCount "97"]
[EventDate "2019.04.18"]
[EventType "swiss"]
[EventCountry "GER"]
[SourceTitle "playchess.com"]
[Source "ChessBase"]
[SourceQuality "1"]

1. d4 Nf6 2. Nf3 d5 3. e3 g6 4. Nbd2 Bg7 5. Bd3 b6 6. O-O Bb7 7. Qe2 c5 8. b3 Nc6 9. a3 O-O 10. Bb2 Nd7 11. c4 dxc4 12. Nxc4 cxd4 13. exd4 Nf6 14. Rfd1 Nd5 15. Qe1 Rc8 16. b4 e6 17. Bf1 Nce7 18. a4 Nf4 19. Ra3 Nf5 20. Nce5 Qd6 21. a5 h6 22. axb6 axb6 23. Ra7 Rc7 24. b5 Rfc8 25. g3 Nd5 26. Ba3 Qd8 27. Rc1 Rxc1 28. Bxc1 Rc7 29. h4 Qb8 30. Ra1 Nf6 31. Bf4 Qc8 32. Bg2 Nd5 33. Bd2 Nd6 34. Bf1 Nc3 35. Bxc3 Bxf3 36. Nxf3 Rxc3 37. Ne5 Bxe5 38. dxe5 Nf5 39. Qe4 Qc5 40. Kg2 Kg7 41. Ra7 Rc2 42. Be2 Rd2 43. Qb7 Ne7 44. Qxe7 Qxe7 45. Rxe7 Rxe2 46. Rb7 Rxe5 47. Rxb6 g5 48. hxg5 hxg5 49. g4 1/2-1/2

[Event "4th GRENKE Open 2019"]
[Site "Karlsruhe"]
[Date "2019.04.22"]
[Round "9.67"]
[White "Fichter, Fabian"]
[Black "Goumas, Georgios"]
[Result "0-1"]
[WhiteElo "2239"]
[BlackElo "2386"]
[Annotator "TA"]
[PlyCount "84"]
[EventDate "2019.04.18"]
[EventType "swiss"]
[EventCountry "GER"]
[SourceTitle "playchess.com"]
[Source "ChessBase"]
[SourceQuality "1"]

1. e4 c5 2. Nf3 Nc6 3. Bb5 Nf6 4. Bxc6 dxc6 5. d3 Qc7 6. h3 e5 7. O-O h6 8. Be3 Be6 9. Nbd2 g5 10. Nh2 Be7 11. Qe2 O-O-O 12. Rfb1 Nd7 13. a3 g4 14. Nxg4 Rdg8 15. Nxh6 Rxh6 16. Bxh6 Bxh3 17. Kh2 Qd6 18. gxh3 Qxh6 19. Nf1 Bg5 20. Ng3 Nf6 21. Kg2 Bf4 22. Rh1 Nh5 23. Qg4+ Rxg4 24. hxg4 Bxg3 25. Rxh5 Qd2 26. Kxg3 Qf4+ 27. Kh3 Qf3+ 28. Kh4 Qxf2+ 29. Kh3 Qxc2 30. Rg1 Qxd3+ 31. Kh2 Qxe4 32. Rf5 Qc4 33. Kg3 e4 34. Re1 Kd7 35. Kf4 f6 36. Rxe4 Qc1+ 37. Kg3 Qxb2 38. Re3 c4 39. Ref3 c3 40. Rxf6 c2 41. Rd3+ Ke7 42. Rf4 Qe5 0-1

[Event "4th GRENKE Open 2019"]
[Site "Karlsruhe"]
[Date "2019.04.22"]
[Round "9.68"]
[White "Suvorov, Luca"]
[Black "Kosakowski, Jakub"]
[Result "1/2-1/2"]
[WhiteElo "2236"]
[BlackElo "2381"]
[Annotator "NA RC"]
[PlyCount "76"]
[EventDate "2019.04.18"]
[EventType "swiss"]
[EventCountry "GER"]
[SourceTitle "playchess.com"]
[Source "ChessBase"]
[SourceQuality "1"]

1. d4 Nf6 2. c4 g6 3. f3 Bg7 4. e4 d6 5. Nc3 O-O 6. Be3 Nc6 7. Qd2 a6 8. Nge2 Na5 9. Nc1 Bd7 10. Be2 Rb8 11. Nb3 c6 12. Nxa5 Qxa5 13. a3 b5 14. b4 Qd8 15. c5 Be6 16. Rc1 dxc5 17. bxc5 Qa5 18. Kf2 Bc4 19. Rhd1 Bb3 20. Re1 Rfd8 21. Qb2 Bc4 22. Qb4 Qc7 23. Bxc4 bxc4 24. Qxc4 Qxh2 25. Rh1 Rb2+ 26. Ne2 Qb8 27. Qxa6 Nxe4+ 28. fxe4 Bxd4 29. Bxd4 Rxd4 30. Rh4 h5 31. Kf1 Rdd2 32. Re1 g5 33. Rh3 g4 34. Re3 Qh2 35. Qc8+ Kg7 36. Qf5 Qh1+ 37. Kf2 Qh4+ 38. Kf1 Qh1+ 1/2-1/2